Bheemachan(ഭീമച്ചൻ) (Record no. 114475)

MARC details
000 -LEADER
fixed length control field 00420 a2200157 4500
005 - DATE AND TIME OF LATEST TRANSACTION
control field 20250616122452.0
008 - FIXED-LENGTH DATA ELEMENTS--GENERAL INFORMATION
fixed length control field 250610b |||||||| |||| 00| 0 eng d
020 ## - INTERNATIONAL STANDARD BOOK NUMBER
International Standard Book Number 9789362545510
080 ## - UNIVERSAL DECIMAL CLASSIFICATION NUMBER
Universal Decimal Classification number FM
Item number MAD/B
100 ## - MAIN ENTRY--PERSONAL NAME
Personal name Madhavan,N. S.
245 ## - TITLE STATEMENT
Title Bheemachan(ഭീമച്ചൻ)
260 ## - PUBLICATION, DISTRIBUTION, ETC. (IMPRINT)
Name of publisher, distributor, etc D C books
Place of publication, distribution, etc Kottayam.
Date of publication, distribution, etc 2024
300 ## - PHYSICAL DESCRIPTION
Extent 125p.
653 ## - INDEX TERM--UNCONTROLLED
Uncontrolled term Fiction-Short Stories-Malayalam Literature
942 ## - ADDED ENTRY ELEMENTS (KOHA)
item type Under processing
Holdings
Lost status Source of classification or shelving scheme Not for loan Home library Current library Date acquired Cost, normal purchase price Total Checkouts Total Renewals Full call number Barcode Date last seen Date checked out Cost, replacement price Price effective from Koha item type
  Universal Decimal Classification   University Library University Library 28/02/2025 120.01 1 1 FM MAD/B 00096854 22/09/2025 13/08/2025 180.00 28/02/2025 Books
University Library, CUSAT